Hồng lâu mộng, tập 1

Kaydedildi:
Detaylı Bibliyografya
Materyal Türü: Kitap
Baskı/Yayın Bilgisi: 2002
Etiketler: Etiketle
Etiket eklenmemiş, İlk siz ekleyin!
Thư viện lưu trữ: Mạng thư viện Đại học Đà Nẵng
LEADER 00440nam a22001811a 4500
001 000040774
003 17069
005 20160412023355.0
008 160412s2002 000
082 |a N23143-44 
245 |a Hồng lâu mộng, tập 1  |c Tào Tuyết Cần 
260 |c 2002 
OWN |a LNN 
999 |a From the UDN01 
TYP |a Monograph 
980 |a Mạng thư viện Đại học Đà Nẵng